Manažérsky informačný systém v kontrolnom systéme podniku diplomová práca

Na minha lista:
Detalhes bibliográficos
Autor principal: Kušnír, Daniel
Autor Corporativo: Fakulta podnikového manažmentu EU. Katedra manažmentu
Outros Autores: Kráčmar, Ján
Formato: Livro
Idioma:eslovaco
Publicado em: Bratislava 2010
Tags: Adicionar Tag
Sem tags, seja o primeiro a adicionar uma tag!

MARC

LEADER 00000nam a2200000 4500
001 0119854
005 20240318122544.8
041 0 |a slo 
044 |a SK 
245 1 0 |a Manažérsky informačný systém v kontrolnom systéme podniku  |b diplomová práca  |c Daniel Kušnír ; škol. Ján Kráčmar 
264 1 |a Bratislava  |c 2010 
300 |a 57 s. 
100 1 |a Kušnír, Daniel 
700 1 |a Kráčmar, Ján 
710 2 |a Fakulta podnikového manažmentu EU. Katedra manažmentu